Learning Resource and Development

Painting portraits in acrylics : (Record no. 29064)

MARC details
000 -LEADER
fixed length control field 02666cam a22004457i 4500
001 - CONTROL NUMBER
control field 21404038
003 - CONTROL NUMBER IDENTIFIER
control field CSPC
005 - DATE AND TIME OF LATEST TRANSACTION
control field 20250308103005.0
008 - FIXED-LENGTH DATA ELEMENTS--GENERAL INFORMATION
fixed length control field 200127s2019 enka 000 0 eng d
010 ## - LIBRARY OF CONGRESS CONTROL NUMBER
LC control number 2019285970
015 ## - NATIONAL BIBLIOGRAPHY NUMBER
National bibliography number GBB9A2068
Source bnb
016 7# - NATIONAL BIBLIOGRAPHIC AGENCY CONTROL NUMBER
Record control number 019428526
Source Uk
020 ## - INTERNATIONAL STANDARD BOOK NUMBER
International Standard Book Number 9781782215813
Qualifying information (pbk.)
020 ## - INTERNATIONAL STANDARD BOOK NUMBER
International Standard Book Number 1782215816
035 ## - SYSTEM CONTROL NUMBER
System control number (OCoLC)on1104591472
040 ## - CATALOGING SOURCE
Original cataloging agency UKMGB
Language of cataloging eng
Transcribing agency UKMGB
Description conventions rda
Modifying agency OCLCO
-- OCLCF
-- YDX
-- BDX
-- NZHWP
-- NZAUC
-- TOH
-- JDP
-- OCLCQ
-- DLC
-- CSPC
042 ## - AUTHENTICATION CODE
Authentication code lccopycat
050 00 - LIBRARY OF CONGRESS CALL NUMBER
Classification number ND1535
Item number .A56 2019
082 04 - DEWEY DECIMAL CLASSIFICATION NUMBER
Classification number 751.42642
Item number Ak52p
Edition number 23
100 1# - MAIN ENTRY--PERSONAL NAME
Personal name Akib, Hashim,
Relator term author.
245 10 - TITLE STATEMENT
Title Painting portraits in acrylics :
Remainder of title a practical guide to contemporary portraiture /
Statement of responsibility, etc. Hashim Akib.
264 #1 - PRODUCTION, PUBLICATION, DISTRIBUTION, MANUFACTURE, AND COPYRIGHT NOTICE
Place of production, publication, distribution, manufacture Tunbridge Wells :
Name of producer, publisher, distributor, manufacturer Search Press,
Date of production, publication, distribution, manufacture, or copyright notice 2019 ; Reprint 2023.
300 ## - PHYSICAL DESCRIPTION
Extent 144 pages :
Other physical details illustrations (colour) ;
Dimensions 28 cm.
336 ## - CONTENT TYPE
Content type term text
Content type code txt
Source rdacontent
336 ## - CONTENT TYPE
Content type term still image
Content type code sti
Source rdacontent
337 ## - MEDIA TYPE
Media type term unmediated
Media type code n
Source rdamedia
338 ## - CARRIER TYPE
Carrier type term volume
Carrier type code nc
Source rdacarrier
500 ## - GENERAL NOTE
General note Includes index.
505 0# - FORMATTED CONTENTS NOTE
Formatted contents note Introduction -- Materials -- Starting out -- The robot -- Ideas and planning -- A face that tells a story -- Age & experience -- Light -- Colour -- Painting skin -- Youth -- Painting self-portraits -- Self-portrait -- Going further -- Full-length portrait -- Portrait in profile.
520 ## - SUMMARY, ETC.
Summary, etc. Hashim Akib's striking portraits are at the heart of this inspirational book. The subject of portraiture is seen by many as the zenith of art, and Hash's easygoing, unpretentious style puts fantastic results within the reach of hobby artists and aspiring professionals alike. Assuming nothing and starting from the basics - making it suitable even for the enthusiastic beginner - this book includes six step-by-step projects to follow; along with friendly but in-depth advice on color palettes; skintone; composition; working from photographs and models; markmaking; lighting; atmosphere and much more. The book covers many types of portraiture - from the self-portrait to full-length portraits - all with a striking, contemporary style.
650 #0 - SUBJECT ADDED ENTRY--TOPICAL TERM
Topical term or geographic name entry element Acrylic painting
General subdivision Technique.
650 #0 - SUBJECT ADDED ENTRY--TOPICAL TERM
Topical term or geographic name entry element Portrait painting
General subdivision Technique.
650 #7 - SUBJECT ADDED ENTRY--TOPICAL TERM
Topical term or geographic name entry element ART
General subdivision General.
Source of heading or term bisacsh
650 #7 - SUBJECT ADDED ENTRY--TOPICAL TERM
Topical term or geographic name entry element Acrylic painting
General subdivision Technique.
Source of heading or term fast
Authority record control number or standard number (OCoLC)fst00796115
650 #7 - SUBJECT ADDED ENTRY--TOPICAL TERM
Topical term or geographic name entry element Portrait painting
General subdivision Technique.
Source of heading or term fast
Authority record control number or standard number (OCoLC)fst01072178
906 ## - LOCAL DATA ELEMENT F, LDF (RLIN)
a 7
b cbc
c copycat
d 2
e ncip
f 20
g y-gencatlg
942 ## - ADDED ENTRY ELEMENTS (KOHA)
Source of classification or shelving scheme Dewey Decimal Classification
Koha item type Books
Edition 23
Classification part 751.42642
Item part Ak52p
Call number prefix CIR
Call number suffix 2019
Suppress in OPAC No
Holdings
Withdrawn status Lost status Source of classification or shelving scheme Damaged status Not for loan Home library Current library Shelving location Date acquired Total Checkouts Full call number Barcode Date last seen Copy number Price effective from Koha item type
    Dewey Decimal Classification     Main Library Main Library Circulation Section 03/08/2025   CIR 751.42642 Ak52p 2019 029171 03/08/2025 1-1 03/08/2025 Books